Afterlife In the Limelight-Inanimate Insanity lyrics - Statistics

General Stats
  • This quiz has been taken 102 times
  • The average score is 145 of 210
Answer Stats
Answer % Correct
I/for
100%
I
97%
I/And
97%
I/could
97%
I/Its
97%
I/single
97%
the/for
94%
a
92%
friends/a
92%
interaction/a
92%
the
92%
the/really
92%
the/that
92%
the/your
92%
for/you
89%
all
86%
All
86%
Contestants
86%
feel/to
86%
fun
86%
have/divided
86%
to/could
86%
for
83%
have
83%
in/is
83%
nothing/who
83%
to
83%
who
83%
already/never
81%
compete/meet
81%
end/get
81%
get
81%
get/are
81%
in
81%
In
81%
incomplete/your
81%
longer/you
81%
on
81%
on/challenges
81%
Taking/they
81%
that
81%
that/every
81%
that/meant
81%
wanted/you
81%
was/you
81%
when
81%
you
81%
you/they
81%
action/reaction
78%
already
78%
feel/cause
78%
If
78%
no
78%
no/person
78%
show
78%
won
78%
won/done
78%
your
78%
you've
78%
you've/are
78%
compete
75%
easy/become
75%
feel
75%
longer
75%
part/want
75%
you're
75%
easy
72%
friends
72%
never/what
72%
Now
72%
Now/Since
72%
with/fraction
72%
action
69%
incomplete
69%
it
69%
It
69%
it/know
69%
Taking
69%
alive/transcend
67%
game
67%
interaction
67%
Made/As
67%
part
67%
same/are
67%
want
67%
alive
64%
are
64%
are/face
64%
hoped/not
64%
just
64%
never
64%
was
64%
with
64%
again
61%
And
61%
And/Between
61%
can/us
61%
Could
61%
could
61%
divided
61%
is
61%
not
61%
reaction
61%
They
61%
they
61%
wasn't
61%
blend
58%
cause
58%
end
58%
fraction
58%
same
58%
wanted
58%
can
56%
defeat
56%
nothing
56%
really
56%
single
56%
become
53%
challenges
53%
Made
53%
meet
53%
of
53%
person
53%
As
50%
every
50%
what
50%
at
47%
done
47%
Once
47%
face
44%
far
44%
know
44%
someone
42%
us
42%
We
42%
we
42%
fact
39%
isn't
39%
life
39%
living
39%
think
39%
Between
36%
depend
36%
hoped
36%
It's
36%
transcend
36%
Since
33%
upon
33%
whom
33%
meant
31%
No matching quizzes found
Score Distribution
Percent of People with Each Score
Percentile by Number Answered
Your Score History
You have not taken this quiz